[Event "Int. Stuttgarter Stadtmeisterschaft B"]
[Site "Ditzingen"]
[Date "2012.05.18"]
[Round "3.46"]
[White "Zuber, Erik"]
[Black "Schmidt, Bernd"]
[Result "0-1"]
[WhiteElo "1458"]
[BlackElo "1601"]
[PlyCount "70"]
[EventDate "2012.??.??"]
[WhiteTeam "SK Schmiden/Cannstatt"]
[BlackTeam "DJK Stuttgart-Süd"]

1. d4 d5 2. c4 c6 3. Nc3 Nf6 4. e3 Bf5 5. cxd5 Nxd5 6. Qb3 Qb6 7. Qxb6 Nxb6 8.
e4 Bg6 9. Nf3 e6 10. Ne5 Bd6 11. Nxg6 hxg6 12. h3 O-O 13. Be2 N8d7 14. O-O Bc7
15. Be3 Nf6 16. Rac1 Rfd8 17. Rfd1 Rac8 18. Bg5 e5 19. dxe5 Bxe5 20. f4 Rxd1+
21. Rxd1 Bxc3 22. bxc3 Nxe4 23. Rd8+ Rxd8 24. Bxd8 Nxc3 25. Bd3 Nxa2 26. f5
gxf5 27. Bxf5 Nd5 28. Bc8 b5 29. Bb7 Nab4 30. Ba5 Kf8 31. Kf2 Ke7 32. Kf3 Kd6
33. g4 Ke5 34. g5 c5 35. h4 g6 0-1

[Event "Int. Stuttgarter Stadtmeisterschaft B"]
[Site "Ditzingen"]
[Date "2012.05.18"]
[Round "3.47"]
[White "Drapkin, Marc"]
[Black "Wurm, Frank"]
[Result "1-0"]
[WhiteElo "1793"]
[BlackElo "1603"]
[PlyCount "85"]
[EventDate "2012.??.??"]
[WhiteTeam "SV Dicker Turm Esslingen"]
[BlackTeam "SF Simmersfeld"]

1. e4 e5 2. Bc4 Nf6 3. d4 exd4 4. Nf3 Nxe4 5. Qxd4 Qe7 6. O-O Nc5 7. Nc3 c6 8.
Re1 Ne6 9. Bxe6 dxe6 10. Bf4 Nd7 11. Rad1 Nf6 12. Bg5 h6 13. Bf4 Qd7 14. Qe3
Ng4 15. Qe2 Qe7 16. Ne4 Bd7 17. Nd6+ Kd8 18. Nxb7+ Ke8 19. h3 Qb4 20. Nd6+ Ke7
21. Rd4 Qxb2 22. hxg4 Qxa2 23. Ne5 c5 24. Rdd1 Qa4 25. c4 g5 26. Bg3 Bg7 27.
Nxd7 Bd4 28. Nxf7 Qxd7 29. Nxh8 Rxh8 30. Be5 Rf8 31. Bxd4 cxd4 32. Qe4 Rf4 33.
Qh7+ Kd6 34. Qxd7+ Kxd7 35. f3 Kd6 36. Re4 e5 37. Kf2 Rf8 38. Ra1 Rc8 39. Ra4
Rc5 40. Ke2 a5 41. Kd3 Kc6 42. Re1 Kc7 43. Rh1 1-0

[Event "Int. Stuttgarter Stadtmeisterschaft B"]
[Site "Ditzingen"]
[Date "2012.05.18"]
[Round "3.48"]
[White "Schneider, Stephan"]
[Black "Shankar, Ajay"]
[Result "0-1"]
[WhiteElo "1751"]
[BlackElo "1554"]
[PlyCount "58"]
[EventDate "2012.??.??"]
[WhiteTeam "SG Schramberg-Lauterbach"]
[BlackTeam "SG Königskinder Hohentübingen e."]

1. d4 Nf6 2. c4 g6 3. Bf4 Bg7 4. Nc3 d6 5. e3 O-O 6. Nf3 Bf5 7. Be2 Nbd7 8. O-O
h6 9. Nh4 e6 10. Nxf5 exf5 11. h3 Re8 12. Qc2 Qe7 13. Bf3 Rab8 14. Nb5 Nf8 15.
Nxa7 g5 16. Bh2 g4 17. hxg4 fxg4 18. Bd5 Red8 19. Nb5 c6 20. Bxd6 Rxd6 21. Nxd6
Qxd6 22. Be4 Ne6 23. Rfe1 Ng5 24. Bd3 g3 25. f4 Ne6 26. Be2 Re8 27. Qf5 Nxd4
28. exd4 Qxd4+ 29. Kh1 Ne4 0-1

[Event "Int. Stuttgarter Stadtmeisterschaft B"]
[Site "Ditzingen"]
[Date "2012.05.18"]
[Round "3.49"]
[White "Prinz, Philipp"]
[Black "Haro, Niel"]
[Result "0-1"]
[WhiteElo "1741"]
[BlackElo "1528"]
[PlyCount "55"]
[EventDate "2012.??.??"]
[WhiteTeam "SV Balingen"]
[BlackTeam "Stuttgarter SF 1879"]

1. d4 Nf6 2. c4 e6 3. Nc3 Bb4 4. Qc2 c5 5. dxc5 Bxc5 6. Bg5 Bxf2+ 7. Kxf2 Ng4+
8. Ke1 Qxg5 9. Ne4 Qf4 10. Nh3 Qe5 11. Nhg5 d5 12. cxd5 O-O 13. Nxh7 Rd8 14. h3
f5 15. hxg4 fxe4 16. Qb3 Rxd5 17. Rc1 Nc6 18. Rc3 e3 19. Rxe3 Qf4 20. Qxd5 Qxe3
21. Qd6 Bd7 22. Rh3 Qe5 23. Qxd7 Rd8 24. Qxb7 Qa5+ 25. Rc3 Nd4 26. Qe4 Nb5 27.
b4 Qxa2 28. Qxe6+ 0-1

[Event "Int. Stuttgarter Stadtmeisterschaft B"]
[Site "Ditzingen"]
[Date "2012.05.18"]
[Round "3.50"]
[White "Weisensel, Wolfgang"]
[Black "Baumeister, Lukas"]
[Result "1/2-1/2"]
[WhiteElo "1685"]
[BlackElo "1525"]
[PlyCount "60"]
[EventDate "2012.??.??"]
[WhiteTeam "Stuttgarter SF 1879"]
[BlackTeam "SV Rottweil"]

1. d4 d5 2. Nf3 Nf6 3. c4 e6 4. g3 c5 5. cxd5 exd5 6. Bg2 Nc6 7. dxc5 Bxc5 8.
O-O O-O 9. Bg5 Be7 10. Nbd2 h6 11. Bxf6 Bxf6 12. Qb3 Re8 13. a3 Qd6 14. e3 Rb8
15. Qc2 b6 16. Rfc1 Bb7 17. Nb3 Rbc8 18. Qd2 Red8 19. Nbd4 Na5 20. Rab1 Rxc1+
21. Rxc1 Nc4 22. Qe2 Re8 23. Rc2 Ne5 24. Nxe5 Bxe5 25. Qd2 Qf6 26. Nf3 h5 27.
h4 Rd8 28. Nxe5 Qxe5 29. Qd4 Qxd4 30. exd4 Rd7 1/2-1/2

[Event "Int. Stuttgarter Stadtmeisterschaft B"]
[Site "Ditzingen"]
[Date "2012.05.18"]
[Round "3.51"]
[White "Mejerski, Stephan"]
[Black "Kappus, Holger"]
[Result "1-0"]
[WhiteElo "1652"]
[BlackElo "1513"]
[PlyCount "125"]
[EventDate "2012.??.??"]
[WhiteTeam "SK Schmiden/Cannstatt"]
[BlackTeam "SF Heiligkreuzsteinach"]

1. e4 b6 2. Nc3 Bb7 3. Bc4 e6 4. Nf3 Nf6 5. d3 Be7 6. b3 d6 7. Qe2 Nbd7 8. d4
a6 9. Bb2 b5 10. Bd3 c5 11. O-O O-O 12. Qe3 Re8 13. Nd2 Qc7 14. Ne2 d5 15. c4
dxe4 16. Nxe4 bxc4 17. Nxf6+ Bxf6 18. Bxc4 Nb6 19. Bd3 g6 20. Rac1 Nd7 21. b4
Qc6 22. f3 Qa4 23. bxc5 Qxa2 24. Ba1 Rec8 25. Bc4 Qa4 26. Bd3 Kg7 27. Rc4 Qa5
28. Bc3 Qc7 29. Ra4 Nb8 30. Rb1 Rd8 31. Ba5 Qd7 32. Bxd8 Qxa4 33. Bxf6+ Kxf6
34. Rxb7 Nd7 35. Qf4+ Kg7 36. Qc7 Qd1+ 37. Kf2 Qxd3 38. Qxd7 Qf5 39. c6 e5 40.
Qxf5 gxf5 41. d5 Rc8 42. c7 Kf6 43. Nc3 Ke7 44. Na4 Kd6 45. Rb6+ Kxd5 46. Rxa6
Rxc7 47. Rf6 f4 48. h3 Rc2+ 49. Kg1 Rc1+ 50. Kh2 Rc7 51. Nb2 Rb7 52. Nd3 Rb3
53. Nf2 h5 54. Rxf7 Rb2 55. Ne4 Ke6 56. Rh7 Rb5 57. Rxh5 Ke7 58. Rh6 Ra5 59. h4
Kf7 60. Rb6 Kg7 61. h5 Kh7 62. h6 Ra1 63. Ng5+ 1-0

[Event "Int. Stuttgarter Stadtmeisterschaft B"]
[Site "Ditzingen"]
[Date "2012.05.18"]
[Round "3.52"]
[White "Gheng, Dominik"]
[Black "Kalwei, Reinhard"]
[Result "1-0"]
[WhiteElo "1648"]
[BlackElo "1491"]
[PlyCount "55"]
[EventDate "2012.??.??"]
[WhiteTeam "TSV Schönaich"]
[BlackTeam "SC Aidlingen"]

1. e4 e5 2. Nf3 Nc6 3. Bb5 Bc5 4. O-O a6 5. Ba4 Nf6 6. d3 O-O 7. c3 d5 8. exd5
Nxd5 9. Bxc6 bxc6 10. Nxe5 Qf6 11. d4 Bb6 12. Nd2 c5 13. Nb3 cxd4 14. cxd4 Be6
15. Re1 Rac8 16. Nc5 Bxc5 17. dxc5 c6 18. Qa4 Qe7 19. b3 Qb7 20. Nc4 Qb5 21.
Qxb5 axb5 22. Nd6 Rb8 23. Bg5 Nb4 24. Re4 Na6 25. b4 Bd5 26. Rg4 f6 27. Bh6 Kh8
28. Bxg7+ 1-0

[Event "Int. Stuttgarter Stadtmeisterschaft B"]
[Site "Ditzingen"]
[Date "2012.05.18"]
[Round "3.53"]
[White "Beyer, Andre"]
[Black "Groeger, Michael"]
[Result "1/2-1/2"]
[WhiteElo "1417"]
[BlackElo "1635"]
[PlyCount "53"]
[EventDate "2012.??.??"]
[WhiteTeam "SC Murrhardt 1948 e.V."]
[BlackTeam "Mönchfelder SV 1967"]

1. d4 Nf6 2. f3 d5 3. e4 dxe4 4. Nc3 exf3 5. Nxf3 Bg4 6. h3 Bh5 7. g4 Bg6 8.
Ne5 e6 9. Bg2 c6 10. O-O Nbd7 11. Nxg6 hxg6 12. Qf3 Qe7 13. a3 Nb6 14. Bg5 Rd8
15. Ne4 Nbd7 16. Rf2 Rh7 17. Raf1 a6 18. Qc3 Nxe4 19. Bxe7 Nxc3 20. Bxd8 Kxd8
21. bxc3 f6 22. a4 e5 23. Re2 Kc7 24. a5 Rh8 25. Ree1 Bd6 26. Rb1 Re8 27. Rfe1
1/2-1/2

[Event "Int. Stuttgarter Stadtmeisterschaft B"]
[Site "Ditzingen"]
[Date "2012.05.18"]
[Round "3.54"]
[White "Trobonjaca, Milos"]
[Black "Reinhold, Nils"]
[Result "1-0"]
[WhiteElo "1617"]
[BlackElo "1349"]
[PlyCount "103"]
[EventDate "2012.??.??"]
[WhiteTeam "SF Oeffingen e.V."]
[BlackTeam "TSG Steinheim"]

1. Nf3 Nc6 2. d4 d5 3. Bf4 Bf5 4. e3 Nf6 5. a3 Ne4 6. Nbd2 e6 7. Be2 h6 8. O-O
g5 9. Bg3 h5 10. h3 Bd6 11. Bxd6 Qxd6 12. Nxe4 Bxe4 13. Nxg5 Bg6 14. Bd3 Qe7
15. f4 Rg8 16. b4 f6 17. Nf3 Qg7 18. Rf2 Be4 19. Bxe4 dxe4 20. Nd2 Qg6 21. c4
Rd8 22. Nb3 b6 23. Qc2 f5 24. c5 a6 25. cxb6 e5 26. bxc7 Rc8 27. d5 exf4 28.
exf4 Rxc7 29. dxc6 Rxc6 30. Nc5 Qg7 31. Rd1 Qe7 32. Qa4 Rgg6 33. Rfd2 Qf6 34.
Nxa6 e3 35. Re2 Kf8 36. Nc5 h4 37. Rxe3 Rxg2+ 38. Kxg2 Qb2+ 39. Kh1 Rg6 40.
Qe8+ Kg7 41. Ne6+ Kh6 42. Ng5 Kh5 43. Re6 Qg7 44. Rg1 Qb7+ 45. Rg2 Qg7 46. Kh2
Qg8 47. Qxg8 Rxg8 48. Re7 Rg6 49. Rh7+ Rh6 50. Rxh6+ Kxh6 51. Nf3 Kh5 52. b5
1-0

[Event "Int. Stuttgarter Stadtmeisterschaft B"]
[Site "Ditzingen"]
[Date "2012.05.18"]
[Round "3.55"]
[White "Lin, Jean-Claude"]
[Black "Häfele, Torsten"]
[Result "0-1"]
[WhiteElo "1382"]
[BlackElo "1615"]
[PlyCount "102"]
[EventDate "2012.??.??"]
[WhiteTeam "SC Sillenbuch"]
[BlackTeam "SVG Vaihingen/Enz"]

1. e4 e6 2. d4 d5 3. Nc3 h6 4. e5 c5 5. Nf3 Nc6 6. Be3 cxd4 7. Nxd4 Nxe5 8. f4
Nc6 9. Bb5 Bd7 10. O-O a6 11. Bxc6 bxc6 12. a3 c5 13. Nxd5 exd5 14. Nf3 Bg4 15.
Re1 Be6 16. Ne5 Nf6 17. c3 Ne4 18. Qf3 Qc7 19. Rac1 Bd6 20. b4 c4 21. Bd4 O-O
22. Rxe4 dxe4 23. Qxe4 Bxe5 24. fxe5 Rac8 25. Rf1 Qe7 26. h4 Rfd8 27. Rf4 Bd5
28. Qe3 Rc6 29. Bc5 Rxc5 30. bxc5 Rc8 31. Rd4 Rxc5 32. Rf4 Rb5 33. Kh2 Rb2 34.
Rg4 Qe6 35. Qf4 Qxg4 36. Qxg4 Rxg2+ 37. Qxg2 Bxg2 38. Kxg2 Kf8 39. Kf3 Ke7 40.
Ke4 Ke6 41. Kd4 g5 42. hxg5 hxg5 43. Ke4 g4 44. Kf4 g3 45. Kxg3 Kxe5 46. Kf3 f5
47. Ke3 f4+ 48. Kf3 Kf5 49. a4 a5 50. Ke2 Ke4 51. Kf2 Kd3 0-1

[Event "Int. Stuttgarter Stadtmeisterschaft B"]
[Site "Ditzingen"]
[Date "2012.05.18"]
[Round "3.56"]
[White "Triantafillidis, Zoe"]
[Black "Steinhart, Matthias"]
[Result "1/2-1/2"]
[WhiteElo "1691"]
[BlackElo "1771"]
[PlyCount "57"]
[EventDate "2012.??.??"]
[WhiteTeam "SF Biberach"]
[BlackTeam "SF Freiberg"]

1. e4 e5 2. Nf3 Nc6 3. Nc3 Nf6 4. d4 Bb4 5. Bg5 h6 6. Bxf6 Qxf6 7. d5 Nd4 8.
Qd3 Nxf3+ 9. gxf3 Qb6 10. Rg1 O-O 11. Qd2 f5 12. a3 Be7 13. Bc4 Kh8 14. Na4 Qf6
15. Bd3 f4 16. O-O-O d6 17. Rh1 Bh3 18. Bf1 Bxf1 19. Rdxf1 Qh4 20. Rfg1 Qh3 21.
Qc3 Qd7 22. b3 b5 23. Nb2 a5 24. Nd3 Ra6 25. h4 c5 26. dxc6 Qxc6 27. Qb2 Rc8
28. Nxf4 Bf6 29. Nd5 1/2-1/2

[Event "Int. Stuttgarter Stadtmeisterschaft B"]
[Site "Ditzingen"]
[Date "2012.05.18"]
[Round "3.57"]
[White "Wenzel, Ulrich"]
[Black "Recker, Martin"]
[Result "1/2-1/2"]
[WhiteElo "1746"]
[BlackElo "1864"]
[PlyCount "59"]
[EventDate "2012.??.??"]
[WhiteTeam "TSF Ditzingen"]
[BlackTeam "SF Freiberg"]

1. c4 Nf6 2. g3 c6 3. Bg2 d5 4. Nf3 g6 5. b3 Bg7 6. Bb2 O-O 7. O-O Nbd7 8. d3
Re8 9. Nbd2 e5 10. e4 dxe4 11. Nxe4 Nxe4 12. dxe4 Qe7 13. Qc2 Nf8 14. h3 g5 15.
Nd2 Ne6 16. Nf3 Nf8 17. Nd2 Ng6 18. Rad1 Be6 19. Rfe1 Rad8 20. Nf1 g4 21. h4
Bh6 22. Bc1 Bxc1 23. Qxc1 f5 24. Rxd8 Rxd8 25. exf5 Bxf5 26. Be4 Qf6 27. Nd2
Rd4 28. Qc2 Ne7 29. Bxf5 Nxf5 30. Ne4 1/2-1/2

[Event "Int. Stuttgarter Stadtmeisterschaft B"]
[Site "Ditzingen"]
[Date "2012.05.18"]
[Round "4.1"]
[White "Kim, Vladimir"]
[Black "Dölker, Kai"]
[Result "1-0"]
[WhiteElo "1826"]
[BlackElo "1865"]
[PlyCount "105"]
[EventDate "2012.??.??"]

1. f4 d5 2. b3 c5 3. Nf3 Nf6 4. Bb2 Nc6 5. e3 e6 6. Be2 Be7 7. O-O O-O 8. Ne5
Nd7 9. Bb5 Qc7 10. Qh5 Bf6 11. Nxd7 Bxb2 12. Nxf8 Kxf8 13. Nc3 Bxa1 14. Rxa1 h6
15. g4 Ne7 16. g5 Ng8 17. Bd3 g6 18. Qf3 h5 19. e4 d4 20. Ne2 Ne7 21. h4 Kg7
22. Ng3 Bd7 23. Rf1 Rf8 24. f5 exf5 25. exf5 Nxf5 26. Nxf5+ Bxf5 27. Bxf5 gxf5
28. Kg2 Qe5 29. Qxf5 Qxf5 30. Rxf5 b6 31. Re5 f6 32. gxf6+ Kg6 33. Re7 Rf7 34.
Rxf7 Kxf7 35. Kf3 Kxf6 36. Kf4 b5 37. a3 a5 38. Ke4 a4 39. bxa4 bxa4 40. c3
dxc3 41. dxc3 c4 42. Kf4 Ke6 43. Kg5 Ke5 44. Kxh5 Ke4 45. Kg5 Kd3 46. h5 Kxc3
47. h6 Kb3 48. h7 c3 49. h8=Q c2 50. Qa1 Kc4 51. Kf4 Kd3 52. Qc1 Kc3 53. Ke3
1-0

[Event "Int. Stuttgarter Stadtmeisterschaft B"]
[Site "Ditzingen"]
[Date "2012.05.18"]
[Round "4.2"]
[White "Hartmann, Anatoli"]
[Black "Winkler, Tim"]
[Result "0-1"]
[WhiteElo "1701"]
[BlackElo "1830"]
[PlyCount "94"]
[EventDate "2012.??.??"]

1. d4 Nf6 2. Bf4 g6 3. e3 Bg7 4. h3 c5 5. c3 cxd4 6. cxd4 d6 7. Nf3 Qb6 8. Qe2
Nc6 9. Qb5 Qxb5 10. Bxb5 Bd7 11. O-O Nb4 12. Bxd7+ Kxd7 13. Nbd2 Rac8 14. Ne1
Nc2 15. Rb1 Nxe1 16. Rfxe1 Nd5 17. Bg3 Nb4 18. a3 Nd3 19. Red1 Rc2 20. b3 Nb2
21. Rbc1 Rhc8 22. Nc4 R2xc4 23. bxc4 Nxd1 24. Rxd1 Rxc4 25. Rd3 Ra4 26. f4 d5
27. Rc3 Rxd4 28. Rb3 Rd1+ 29. Kf2 b6 30. Ke2 Rg1 31. Bf2 Ra1 32. Rd3 Kc6 33.
Be1 Ra2+ 34. Kf3 e6 35. Bb4 a5 36. Bd2 Bb2 37. Rb3 Bxa3 38. Bc3 Bc5 39. Rb1 Rc2
40. Bf6 a4 41. g4 a3 42. f5 b5 43. fxg6 fxg6 44. Ra1 b4 45. h4 b3 46. h5 b2 47.
Rb1 Rc1 0-1

[Event "Int. Stuttgarter Stadtmeisterschaft B"]
[Site "Ditzingen"]
[Date "2012.05.18"]
[Round "4.3"]
[White "Hartmann, Lorenz"]
[Black "Hamm, Julian"]
[Result "1/2-1/2"]
[WhiteElo "1887"]
[BlackElo "1695"]
[PlyCount "83"]
[EventDate "2012.??.??"]

1. g3 e5 2. Bg2 Nf6 3. d3 Nc6 4. Nf3 d6 5. O-O Be7 6. c4 O-O 7. Nc3 Bd7 8. Bg5
h6 9. Bxf6 Bxf6 10. Nd5 Be6 11. Nxf6+ Qxf6 12. Nd2 Qe7 13. b4 f5 14. b5 Nd8 15.
a4 Rb8 16. Qc2 c6 17. e3 d5 18. bxc6 bxc6 19. cxd5 cxd5 20. Rfc1 Rc8 21. Qb2
Nf7 22. d4 e4 23. Bf1 g5 24. Nb3 f4 25. Nc5 Nd6 26. Rab1 fxe3 27. fxe3 Rf3 28.
Qd2 Nf5 29. Re1 Nxg3 30. hxg3 Rxg3+ 31. Bg2 Bh3 32. Re2 Rf8 33. Qe1 Rg4 34. Rb7
Qf6 35. Rbb2 Qf3 36. Rf2 Qg3 37. Rxf8+ Kxf8 38. Qxg3 Rxg3 39. Kh2 Rxg2+ 40.
Rxg2 Bxg2 41. Kxg2 Ke7 42. Kf2 1/2-1/2

[Event "Int. Stuttgarter Stadtmeisterschaft B"]
[Site "Ditzingen"]
[Date "2012.05.18"]
[Round "4.4"]
[White "Florio, Antonio"]
[Black "Engelhardt, Frank"]
[Result "1/2-1/2"]
[WhiteElo "1737"]
[BlackElo "1892"]
[PlyCount "50"]
[EventDate "2012.??.??"]

1. c4 e5 2. g3 Nf6 3. Bg2 Bc5 4. e3 O-O 5. Ne2 d5 6. cxd5 Nxd5 7. O-O Nc6 8. a3
Bg4 9. h3 Bh5 10. Re1 Bb6 11. b4 a6 12. Bb2 Qd7 13. Qb3 Rad8 14. Nbc3 Nxc3 15.
dxc3 Qe7 16. Be4 Rd2 17. g4 Bg6 18. Bxg6 hxg6 19. Ng3 e4 20. Rad1 Rfd8 21. Rxd2
Rxd2 22. Rd1 Ne5 23. Rxd2 Nf3+ 24. Kg2 Nxd2 25. Qd5 Qd6 1/2-1/2

[Event "Int. Stuttgarter Stadtmeisterschaft B"]
[Site "Ditzingen"]
[Date "2012.05.18"]
[Round "4.5"]
[White "Gampper, Steffen"]
[Black "Nusser, Jens"]
[Result "1/2-1/2"]
[WhiteElo "1539"]
[BlackElo "1823"]
[PlyCount "21"]
[EventDate "2012.??.??"]

1. d4 Nf6 2. Bf4 g6 3. Nf3 Bg7 4. Nc3 d5 5. e3 O-O 6. Be2 c6 7. O-O Nbd7 8. Ne5
Nb6 9. a4 a5 10. Qd2 Nbd7 11. Rab1 1/2-1/2

[Event "Int. Stuttgarter Stadtmeisterschaft B"]
[Site "Ditzingen"]
[Date "2012.05.18"]
[Round "4.6"]
[White "Pfeilsticker, Thorsten"]
[Black "Zaytsev, Evgeny"]
[Result "1-0"]
[WhiteElo "1591"]
[BlackElo "1768"]
[PlyCount "85"]
[EventDate "2012.??.??"]

1. d4 Nf6 2. Nf3 g6 3. c4 d6 4. Nc3 Bg7 5. e4 O-O 6. h3 e5 7. d5 c6 8. Be3 Nh5
9. Nd2 f5 10. g4 f4 11. Bxa7 Nf6 12. Bxb8 Rxb8 13. Be2 Qb6 14. Nb3 Ne8 15. g5
Qd8 16. h4 Bd7 17. Rg1 b5 18. cxb5 cxb5 19. Rc1 Qb6 20. Bg4 Rb7 21. Bxd7 Rxd7
22. Qd3 Nc7 23. h5 f3 24. Nb1 b4 25. hxg6 hxg6 26. N1d2 Qb5 27. Qxb5 Nxb5 28.
Rg3 Rdf7 29. Rc4 Nd4 30. Nxd4 exd4 31. Rxb4 Be5 32. Rh3 Rf4 33. Rb3 Rc8 34.
Rhxf3 Rg4 35. Ke2 Rxg5 36. Rb7 Rg4 37. Kd3 Rg1 38. Nc4 Rd1+ 39. Ke2 Rxc4 40.
Kxd1 d3 41. Rxd3 Rxe4 42. b4 Bd4 43. Rg3 1-0

[Event "Int. Stuttgarter Stadtmeisterschaft B"]
[Site "Ditzingen"]
[Date "2012.05.18"]
[Round "4.7"]
[White "Bried, Martin"]
[Black "Zimmermann, Tobias"]
[Result "0-1"]
[WhiteElo "1756"]
[BlackElo "1736"]
[PlyCount "112"]
[EventDate "2012.??.??"]

1. c4 c5 2. Nf3 Nf6 3. Nc3 e6 4. d3 b6 5. g3 Bb7 6. Bg2 a6 7. O-O Qc7 8. b3 Be7
9. Bf4 d6 10. Bg5 h6 11. Bf4 Nc6 12. e4 Nd7 13. Re1 Bf6 14. Rc1 O-O 15. Ne2
Rad8 16. Qd2 Nde5 17. h3 Nb4 18. d4 Nxf3+ 19. Bxf3 e5 20. a3 Nc6 21. d5 Nd4 22.
Nxd4 cxd4 23. Bxh6 gxh6 24. Qxh6 Qe7 25. h4 Bg7 26. Qd2 Bc8 27. Kg2 Kh7 28. Qe2
Bh6 29. Rcd1 Rg8 30. Rh1 Rg7 31. Rdg1 Rdg8 32. Kf1 Bg4 33. h5 Qg5 34. Bxg4 Qxg4
35. f3 Qg5 36. g4 Qc1+ 37. Kg2 Qf4 38. Kh3 Qe3 39. Qxe3 Bxe3 40. Rg2 f6 41. Rd1
Rc7 42. a4 Rb8 43. Ra2 Kh6 44. Kg3 Rc5 45. Kg2 Kg5 46. Kf1 Rbc8 47. Ke2 b5 48.
axb5 axb5 49. Ra6 bxc4 50. Rxd6 cxb3 51. h6 Rc2+ 52. Ke1 Rh2 53. Rc6 Ra8 54. d6
Raa2 55. Rc2 bxc2 56. d7 cxd1=Q+ 0-1

[Event "Int. Stuttgarter Stadtmeisterschaft B"]
[Site "Ditzingen"]
[Date "2012.05.18"]
[Round "4.8"]
[White "Mavropoulos, Georgios"]
[Black "Gomer, Thomas"]
[Result "1/2-1/2"]
[WhiteElo "1872"]
[BlackElo "1706"]
[PlyCount "36"]
[EventDate "2012.??.??"]

1. e4 e5 2. Nf3 Nc6 3. Bb5 a6 4. Ba4 Nf6 5. O-O b5 6. Bb3 Be7 7. Re1 O-O 8. c3
d5 9. exd5 Nxd5 10. Nxe5 Nxe5 11. Rxe5 c6 12. d4 Bd6 13. Re1 Qh4 14. g3 Qh3 15.
Be3 Bg4 16. Qd3 Rae8 17. Qf1 Qh5 18. Nd2 Bh3 1/2-1/2

[Event "Int. Stuttgarter Stadtmeisterschaft B"]
[Site "Ditzingen"]
[Date "2012.05.18"]
[Round "4.9"]
[White "Notz, Lukas"]
[Black "Hamm, Lukas"]
[Result "1/2-1/2"]
[WhiteElo "1739"]
[BlackElo "1890"]
[PlyCount "47"]
[EventDate "2012.??.??"]

1. d4 d5 2. Bf4 Nf6 3. e3 Bf5 4. c4 e6 5. Nc3 c6 6. Qb3 Qb6 7. c5 Qxb3 8. axb3
Nbd7 9. b4 a6 10. b5 Nb8 11. b4 Be7 12. bxa6 Nxa6 13. b5 Nc7 14. Rxa8+ Nxa8 15.
bxc6 bxc6 16. Ba6 O-O 17. Bb7 Nh5 18. Bd6 Bxd6 19. cxd6 Nb6 20. Nf3 Rd8 21. Ne5
Nf6 22. Bxc6 Rxd6 23. O-O Ng4 24. Nb5 1/2-1/2

[Event "Int. Stuttgarter Stadtmeisterschaft B"]
[Site "Ditzingen"]
[Date "2012.05.18"]
[Round "4.10"]
[White "Tönjes, Jürgen"]
[Black "Schmidt, Max"]
[Result "0-1"]
[WhiteElo "1753"]
[BlackElo "1879"]
[PlyCount "130"]
[EventDate "2012.??.??"]

1. d4 Nf6 2. f3 d5 3. e4 dxe4 4. Nc3 Bf5 5. fxe4 Nxe4 6. Qf3 Nd6 7. Bf4 e6 8.
O-O-O c6 9. Qe3 Be7 10. Nf3 Nd7 11. h3 Nb6 12. g4 Bg6 13. Ne5 Nd5 14. Nxd5 cxd5
15. Nxg6 hxg6 16. Bd3 Qa5 17. Kb1 Qb6 18. Bxd6 Qxd6 19. Bb5+ Kf8 20. Rdf1 g5
21. Bd3 Bf6 22. c3 Rh4 23. Rf3 a6 24. Rhf1 Rh6 25. Rh1 Rh4 26. Rhf1 Rh6 27. Rh1
Rh4 28. Rhf1 Ke8 29. Qe2 b5 30. a3 Ra7 31. Ka2 Rh6 32. Qe3 Rd7 33. Re1 Bd8 34.
Qe2 Qb8 35. Ref1 Bc7 36. Qf2 Bf4 37. Qe2 Re7 38. Re1 Bg3 39. Rg1 Bf4 40. Re1
Kd7 41. Qf1 Re8 42. Kb1 Reh8 43. Qg2 g6 44. Rh1 Rh4 45. Rff1 R8h6 46. Rf3 Qh8
47. Qf1 Ke7 48. Qg2 f5 49. gxf5 gxf5 50. Bf1 Rg6 51. Qe2 Qc8 52. Bg2 Kd6 53.
Rff1 Qc4 54. Qxc4 bxc4 55. Kc2 Rgh6 56. Kb1 a5 57. Kc2 Ke7 58. Kd1 Bd6 59. Ke2
g4 60. hxg4 Rxh1 61. Rxh1 Rxh1 62. Bxh1 fxg4 63. Ke3 Kf6 64. Bg2 Kg5 65. a4
Bf4+ 0-1

[Event "Int. Stuttgarter Stadtmeisterschaft B"]
[Site "Ditzingen"]
[Date "2012.05.18"]
[Round "4.11"]
[White "Schreiber, Stephan"]
[Black "Helfrich, Leo"]
[Result "0-1"]
[WhiteElo "1708"]
[BlackElo "1871"]
[PlyCount "108"]
[EventDate "2012.??.??"]

1. d4 d6 2. Bf4 c5 3. e3 cxd4 4. exd4 g6 5. c3 Bg7 6. Nf3 Nf6 7. h3 Qb6 8. Qb3
Nbd7 9. Bc4 O-O 10. Nbd2 d5 11. Qxb6 Nxb6 12. Bb3 e6 13. Bd6 Re8 14. O-O Bh6
15. Be5 Nfd7 16. Bd6 a5 17. Bc2 Nf6 18. Nb3 Nc4 19. Be5 Nd7 20. Rab1 b6 21.
Rfd1 Bb7 22. Nbd2 Bxd2 23. Nxd2 Ncxe5 24. dxe5 Nxe5 25. Re1 Nc6 26. Ba4 Red8
27. Nf3 Rac8 28. Rbd1 Ba6 29. Nd4 Na7 30. Bc2 Nc6 31. Nxc6 Rxc6 32. Bd3 Bb7 33.
Bb5 Rcd6 34. Rd2 Kg7 35. f4 Bc6 36. Bxc6 Rxc6 37. Kf2 Rdc8 38. g4 a4 39. a3 Rc4
40. Kf3 R8c6 41. Red1 h6 42. Rd4 b5 43. h4 f6 44. f5 Rxd4 45. Rxd4 Rc4 46. Rd3
gxf5 47. gxf5 Kf7 48. fxe6+ Kxe6 49. Rd4 Ke5 50. Rg4 Rxg4 51. Kxg4 f5+ 52. Kf3
h5 53. Ke3 f4+ 54. Kd3 Kf5 0-1

[Event "Int. Stuttgarter Stadtmeisterschaft B"]
[Site "Ditzingen"]
[Date "2012.05.18"]
[Round "4.12"]
[White "Schömbs, Oliver"]
[Black "Wenzel, Ulrich"]
[Result "1/2-1/2"]
[WhiteElo "1865"]
[BlackElo "1746"]
[PlyCount "90"]
[EventDate "2012.??.??"]

1. e4 e6 2. d4 d5 3. Nc3 dxe4 4. Nxe4 Bd7 5. Nf3 Bc6 6. Bd3 Nd7 7. Qe2 Ngf6 8.
Bg5 Be7 9. O-O Bxe4 10. Bxe4 Nxe4 11. Bxe7 Qxe7 12. Qxe4 c6 13. c4 Nf6 14. Qc2
O-O 15. Rfe1 Rfd8 16. Rad1 Rd6 17. Rd3 Rad8 18. Kf1 Qc7 19. Red1 c5 20. dxc5
Qxc5 21. Rxd6 Rxd6 22. Rxd6 Qxd6 23. c5 Qa6+ 24. Ke1 Qxa2 25. Nd2 Qd5 26. Kf1
h6 27. b4 a6 28. Nc4 Kf8 29. f3 Ke7 30. Qc3 Ne8 31. Nb6 Qd8 32. Ke2 f6 33. Qc4
Nc7 34. Qg4 Kf7 35. Nc4 Nb5 36. Kf2 Qd5 37. Qe4 Qd4+ 38. Qxd4 Nxd4 39. Na3 e5
40. Ke3 Ke6 41. Kd3 Kd5 42. Nc4 Kc6 43. f4 Kb5 44. fxe5 fxe5 45. Nxe5 Nc6
1/2-1/2

[Event "Int. Stuttgarter Stadtmeisterschaft B"]
[Site "Ditzingen"]
[Date "2012.05.18"]
[Round "4.13"]
[White "Pudmensky, Stefan"]
[Black "Hupfer, Garlef"]
[Result "1/2-1/2"]
[WhiteElo "1853"]
[BlackElo "1685"]
[PlyCount "64"]
[EventDate "2012.??.??"]
[WhiteTeam "SF Oeffingen e.V."]
[BlackTeam "Ssg Fils-Lauter e. V."]

1. d4 Nf6 2. Nf3 e6 3. c4 Bb4+ 4. Bd2 Be7 5. Nc3 b6 6. e4 h6 7. e5 Nh7 8. Bd3
Bb7 9. Bxh7 Rxh7 10. Qc2 Rh8 11. Qd3 Nc6 12. a3 Na5 13. Nb5 a6 14. b4 Nxc4 15.
Qxc4 axb5 16. Qc3 Bd5 17. O-O Rf8 18. Rfc1 g5 19. Ne1 Ra7 20. Nc2 h5 21. Qd3
Bc4 22. Qh7 h4 23. Ne3 d5 24. exd6 Qxd6 25. Nxc4 bxc4 26. Rxc4 b5 27. Rcc1 Ra8
28. Qe4 Kd7 29. f4 Bf6 30. Bc3 Qxf4 31. Qd3 Qf5 32. Qe3 Qd5 1/2-1/2

[Event "Int. Stuttgarter Stadtmeisterschaft B"]
[Site "Ditzingen"]
[Date "2012.05.18"]
[Round "4.14"]
[White "Weber, Sandra"]
[Black "Baumeister, Jürgen"]
[Result "0-1"]
[WhiteElo "1617"]
[BlackElo "1850"]
[PlyCount "116"]
[EventDate "2012.??.??"]
[WhiteTeam "SC Neckarsulm e.V."]
[BlackTeam "SC Asperg"]

1. e4 d5 2. exd5 Nf6 3. Nf3 Nxd5 4. d4 Bf5 5. c3 e6 6. g3 Be7 7. Bg2 c6 8. O-O
Nd7 9. Re1 h6 10. Nbd2 O-O 11. Nc4 a5 12. Ne3 Be4 13. a3 a4 14. Ng4 Bh7 15.
Nfe5 Nxe5 16. Nxe5 Bd6 17. c4 Ne7 18. b4 axb3 19. Qxb3 Bxe5 20. dxe5 Qc7 21.
Bb2 Rfd8 22. Rad1 g5 23. Rxd8+ Rxd8 24. Rd1 Rd7 25. Bf3 Ng6 26. Rxd7 Qxd7 27.
Qd1 Qc7 28. Qd6 Qb6 29. Bd4 Qa5 30. Qb8+ Kg7 31. Qxb7 Qxa3 32. Qxc6 Ne7 33. Qc5
Qc1+ 34. Kg2 Nf5 35. Be2 Qd2 36. Bf3 Qxd4 37. Qxd4 Nxd4 38. c5 Nxf3 39. Kxf3
Kf8 40. Ke3 Ke7 41. Kd4 Kd7 42. Kc4 Kc6 43. h4 g4 44. Kd4 Bg6 45. Kc4 Be4 46.
Kd4 Bd5 47. h5 Kb5 48. Kd3 Kxc5 49. Kc3 Be4 50. Kd2 Kd5 51. Ke3 Kxe5 52. Ke2
Kd4 53. Kd2 Bf3 54. Kc2 Bd5 55. Kd2 Bc4 56. Kc2 Ke4 57. Kd2 Kf3 58. Ke1 Bb5 0-1